[Event "English Online Blitz Gp2"]
[Site "chess.com INT"]
[Date "2020.05.09"]
[Round "5"]
[White "Grieve, Harry"]
[Black "Hebden, Mark L"]
[Result "0-1"]
[WhiteTitle "FM"]
[BlackTitle "GM"]
[WhiteElo "2355"]
[BlackElo "2453"]
[WhiteFideId "426520"]
[BlackFideId "400084"]
[EventDate "2020.05.09"]
[EventType "blitz"]

1. e4 e5 2. Nf3 Nc6 3. Bc4 Nf6 4. d3 Be7 5. O-O O-O 6. Re1 d6 7. a4 Be6 8. Nbd2
h6 9. a5 a6 10. h3 Rb8 11. c3 Nh7 12. Qb3 Qd7 13. d4 Bxc4 14. Nxc4 Bf6 15. Be3
exd4 16. Nxd4 Bxd4 17. Bxd4 Rfe8 18. Nd2 Nxd4 19. cxd4 Ng5 20. f4 Ne6 21. Qe3 c5
22. Nf3 cxd4 23. Nxd4 Nxd4 24. Qxd4 Rbd8 25. Rad1 Qb5 26. Qb6 Qxb6+ 27. axb6 Kf8
28. Kf2 Ke7 29. Ke3 Rc8 30. Rc1 Kd7 31. Rc3 Rxc3+ 32. bxc3 f5 33. e5 dxe5 34.
Rd1+ Kc6 35. fxe5 Rxe5+ 36. Kf4 Rc5 37. h4 Rxc3 38. Kxf5 Rg3 39. Rd2 Kxb6 40. h5
Rg5+ 41. Ke6 Rxh5 42. Kf7 Rg5 0-1

[Event "English Online Blitz Gp2"]
[Site "chess.com INT"]
[Date "2020.05.09"]
[Round "5"]
[White "Arkell, Keith C"]
[Black "Miller, George"]
[Result "1-0"]
[WhiteTitle "GM"]
[WhiteElo "2429"]
[BlackElo "1815"]
[WhiteFideId "400270"]
[BlackFideId "343114090"]
[EventDate "2020.05.09"]
[EventType "blitz"]

1. d4 d5 2. Nf3 c6 3. c4 Nf6 4. Qc2 e6 5. Bg5 Be7 6. e3 Nbd7 7. Nbd2 h6 8. Bh4
O-O 9. Bd3 dxc4 10. Nxc4 Nb6 11. O-O Nxc4 12. Qxc4 Qd5 13. Rfc1 Bd7 14. a3 a5
15. Ne5 g5 16. Bg3 Qxc4 17. Nxc4 c5 18. Nb6 Rad8 19. dxc5 Bc6 20. Bf1 h5 21. h4
Ne4 22. Bc7 Rd2 23. hxg5 Rxf2 24. b4 axb4 25. axb4 Bxg5 26. Ra3 Bh4 27. g3 Bxg3
28. Bxg3 Rxf1+ 29. Rxf1 Nxg3 30. Rd1 Kg7 31. Nc4 Kh6 32. Ne5 Bd5 33. Kf2 Ne4+
34. Ke2 f6 35. Nd3 Rg8 36. Nf4 Bc4+ 37. Kf3 Ng5+ 38. Kg3 e5 39. Ng2 Ne4+ 40. Kh2
Rg4 41. Ra7 Bd5 42. b5 Bb3 43. Rd7 Nf2 44. Raxb7 Ra4 45. Rh7+ Kg6 46. Rbg7+ Kf5
47. Rxh5+ Ke4 48. Rh4+ Kd3 49. Rxa4 Bxa4 50. b6 1-0

[Event "English Online Blitz Gp2"]
[Site "chess.com INT"]
[Date "2020.05.09"]
[Round "5"]
[White "Nikolovski, Nikola"]
[Black "Chow, Samuel"]
[Result "0-1"]
[WhiteTitle "IM"]
[BlackTitle "FM"]
[WhiteElo "2454"]
[BlackElo "2345"]
[WhiteFideId "15002314"]
[BlackFideId "3202992"]
[EventDate "2020.05.09"]
[EventType "blitz"]

1. e4 e6 2. Qe2 c5 3. g3 Nc6 4. Bg2 g6 5. f4 d6 6. Nf3 Bg7 7. O-O Nge7 8. d3 O-O
9. Kh1 Rb8 10. Nc3 b5 11. Nd1 b4 12. Ne3 a5 13. g4 a4 14. Rb1 f5 15. gxf5 exf5
16. Nc4 b3 17. axb3 axb3 18. c3 fxe4 19. dxe4 Ba6 20. Rd1 Na5 21. Nfd2 Rxf4 22.
Ra1 Rf8 23. Qg4 Bc8 24. Qg3 Nb7 25. Nf3 Be6 26. Nxd6 Nxd6 27. Rxd6 Qc8 28. Bg5
Nc6 29. Rad1 Ra8 30. h4 Ra2 31. Bc1 Bg4 32. Rxc6 Qxc6 33. Qxg4 Ra1 34. e5 Qa6
35. Ng5 Bxe5 36. Ne6 Re8 37. Bd5 Kh8 38. h5 gxh5 39. Qf5 Qe2 40. Bg2 Qxd1+ 41.
Bf1 Qd5+ 42. Bg2 Rxc1+ 0-1

[Event "English Online Blitz Gp2"]
[Site "chess.com INT"]
[Date "2020.05.09"]
[Round "5"]
[White "Kalavannan, Koby"]
[Black "Gormally, Daniel W"]
[Result "0-1"]
[WhiteTitle "FM"]
[BlackTitle "GM"]
[WhiteElo "2324"]
[BlackElo "2479"]
[WhiteFideId "425753"]
[BlackFideId "406465"]
[EventDate "2020.05.09"]
[EventType "blitz"]

1. d4 Nf6 2. c4 e6 3. g3 d5 4. Bg2 dxc4 5. Qa4+ Nbd7 6. Nf3 a6 7. Qxc4 b5 8. Qc6
Rb8 9. O-O Bb7 10. Qc2 Rc8 11. Nc3 c5 12. dxc5 Bxc5 13. a3 O-O 14. Bf4 Qb6 15.
Rad1 Be7 16. Be3 Qc7 17. Bf4 Qb6 18. Qb1 Nc5 19. Be3 Qc7 20. Bf4 Qb6 21. Be3 Qa5
22. Bxc5 Bxc5 23. Rc1 Bxa3 24. e4 Be7 25. e5 Ng4 26. Ng5 Bxg5 27. Bxb7 Rc7 28.
Be4 Bxc1 29. Bxh7+ Kh8 30. Rxc1 b4 31. Ne2 Rxc1+ 32. Nxc1 Qc5 33. Nd3 Qd4 34. h3
Nxe5 35. Nxe5 Qxe5 36. Bd3 a5 37. Qd1 g6 38. Qf3 Kg7 39. b3 Rc8 40. Bc4 Rxc4 41.
bxc4 a4 42. Qb7 b3 43. Qb4 b2 44. c5 a3 45. c6 a2 46. c7 b1=Q+ 47. Qxb1 axb1=Q+
48. Kh2 Qe2 49. c8=Q Qxf2# 0-1

[Event "English Online Blitz Gp2"]
[Site "chess.com INT"]
[Date "2020.05.09"]
[Round "5"]
[White "Claridge-Hansen, William"]
[Black "Adair, James R"]
[Result "1/2-1/2"]
[WhiteTitle "FM"]
[BlackTitle "IM"]
[WhiteElo "2290"]
[BlackElo "2450"]
[WhiteFideId "422509"]
[BlackFideId "406252"]
[EventDate "2020.05.09"]
[EventType "blitz"]

1. c4 c5 2. g3 g6 3. Bg2 Bg7 4. Nc3 Nc6 5. Nf3 e6 6. d4 cxd4 7. Nb5 d5 8. cxd5
exd5 9. O-O Nge7 10. Nbxd4 O-O 11. b3 Bg4 12. Bb2 Bxf3 13. Bxf3 Qb6 14. Nxc6
bxc6 15. Bxg7 Kxg7 16. Qd2 a5 17. Rfc1 a4 18. b4 a3 19. Rab1 Ra4 20. Rb3 Rb8 21.
Rcb1 Nf5 22. Qc3+ Kg8 23. Rxa3 Rxa3 24. Qxa3 Nd4 25. Qc3 c5 26. Rc1 cxb4 27. Qd3
Nxf3+ 28. Qxf3 Qd6 29. Rd1 Rb5 30. Qb3 Qc5 31. Kg2 Qc4 32. Qb2 Ra5 33. Rd4 Qxa2
34. Rxb4 Qxb2 35. Rxb2 Kg7 36. Rd2 Kf6 37. e3 Ke5 38. h4 h5 39. Kf3 Ra1 40. Rd4
Ra2 41. Rd3 f6 42. Rd4 Rb2 43. Ra4 g5 44. hxg5 fxg5 45. Ra8 1/2-1/2

[Event "English Online Blitz Gp2"]
[Site "chess.com INT"]
[Date "2020.05.09"]
[Round "5"]
[White "Kuzhelev, Timur"]
[Black "Bettley, Andrew D"]
[Result "1/2-1/2"]
[WhiteElo "1781"]
[BlackElo "1501"]
[WhiteFideId "44101791"]
[BlackFideId "471950"]
[EventDate "2020.05.09"]
[EventType "blitz"]

1. e4 e5 2. Nc3 Nf6 3. f4 d5 4. fxe5 Nxe4 5. Nf3 Bg4 6. d3 Nxc3 7. bxc3 Nc6 8.
d4 Be7 9. h3 Bh5 10. Bd3 Bh4+ 11. Kf1 O-O 12. Be3 Qe7 13. Bf2 Bxf2 14. Kxf2 f6
15. g4 fxe5 16. dxe5 Nxe5 17. gxh5 Rxf3+ 18. Qxf3 Nxf3 19. Kxf3 Rf8+ 20. Kg4 h6
21. h4 Qe3 22. Rhf1 Qe6+ 23. Kg3 Qd6+ 24. Kg2 Re8 25. Rae1 Rxe1 26. Rxe1 Kf8 27.
Bg6 Qd7 28. Kg3 Qd6+ 29. Kg4 Qd7+ 30. Kf3 Qc6 31. Kf2 a5 32. Re3 b5 33. Ke2 a4
34. a3 Qc4+ 35. Kd2 Qc6 36. Re5 Qd7 37. Kd3 Qc6 38. Ke3 Qc5+ 39. Ke2 Qc4+ 40.
Kd2 Qc6 41. Kc1 Qd7 42. Kd2 Qc6 43. Kc1 Qd7 1/2-1/2

[Event "English Online Blitz Gp2"]
[Site "chess.com INT"]
[Date "2020.05.09"]
[Round "5"]
[White "Burnett, Leon P"]
[Black "Rizvi, Nasir"]
[Result "0-1"]
[WhiteElo "1834"]
[BlackElo "1989"]
[WhiteFideId "444448"]
[BlackFideId "1800540"]
[EventDate "2020.05.09"]
[EventType "blitz"]

1. c4 g6 2. g3 Bg7 3. Bg2 Nf6 4. Nc3 O-O 5. d3 c6 6. e4 Na6 7. Nge2 Nc7 8. O-O
d5 9. cxd5 cxd5 10. e5 Ng4 11. d4 f6 12. h3 Nh6 13. exf6 exf6 14. Nf4 f5 15. Qb3
Kh8 16. Nfxd5 Nxd5 17. Bxd5 f4 18. g4 Qh4 19. Nb5 f3 20. Bxf3 Qxh3 21. Be2 Qh4
22. Qg3 Qxg3+ 23. fxg3 Rxf1+ 24. Kxf1 Bxg4 25. Bxh6 Bxe2+ 26. Kxe2 Bxh6 27. Rf1
a6 28. Nc3 Rd8 29. Kd3 Bg7 30. d5 Bxc3 31. Kxc3 Rxd5 32. Rf7 b5 33. Rf6 a5 34.
Rb6 Kg7 35. b4 a4 36. Rc6 Rg5 37. Rc5 Rxg3+ 38. Kc2 h5 39. Rxb5 h4 40. Rb7+ Kh6
41. b5 h3 42. Rb8 Kh7 43. b6 h2 44. b7 h1=Q 45. Rh8+ Kxh8 46. b8=Q+ Kg7 47. Qxg3
Qc6+ 48. Kb2 Qb5+ 49. Ka3 Kf6 50. Qf4+ Qf5 0-1

[Event "English Online Blitz Gp2"]
[Site "chess.com INT"]
[Date "2020.05.09"]
[Round "5"]
[White "Tan, Justin2"]
[Black "Williams, Simon K"]
[Result "1-0"]
[WhiteTitle "GM"]
[BlackTitle "GM"]
[WhiteElo "2496"]
[BlackElo "2464"]
[WhiteFideId "3206882"]
[BlackFideId "404454"]
[EventDate "2020.05.09"]
[EventType "blitz"]

1. e4 e6 2. d4 b6 3. Bd3 Bb7 4. Nf3 d6 5. Qe2 Nd7 6. h4 Ngf6 7. h5 h6 8. a4 a6
9. Bf4 Be7 10. c4 e5 11. dxe5 dxe5 12. Nxe5 Nc5 13. Nc3 O-O 14. Rd1 Bd6 15. b4
Ne6 16. g3 Bxb4 17. Bd2 Nd4 18. Qf1 Qe7 19. f4 Rad8 20. Nd5 Bxd5 21. cxd5 Nb3
22. Bxb4 Qxb4+ 23. Kf2 Nxe4+ 24. Kg2 Nc3 25. Nc6 Qxa4 26. Re1 Nxd5 27. Nxd8 Rxd8
28. Bxa6 Qd4 29. Kh2 Nd2 30. Qe2 Nc3 31. Qg2 b5 32. Bb7 c5 33. Re7 b4 34. Rhe1
b3 35. Qh3 Qf6 36. Re8+ Rxe8 37. Rxe8+ Kh7 38. Qc8 g6 39. hxg6+ Kxg6 40. Qg4+
Qg5 41. fxg5 Nf1+ 42. Kg1 Ne3 43. Rxe3 1-0

[Event "English Online Blitz Gp2"]
[Site "chess.com INT"]
[Date "2020.05.09"]
[Round "5"]
[White "Brown, Tom"]
[Black "Ashworth, Michael"]
[Result "0-1"]
[WhiteElo "2005"]
[BlackElo "2012"]
[WhiteFideId "448001"]
[BlackFideId "425044"]
[EventDate "2020.05.09"]
[EventType "blitz"]

1. Nf3 Nf6 2. g3 g6 3. b3 Bg7 4. Bb2 O-O 5. Bg2 d6 6. O-O e5 7. d3 Nc6 8. c4 h6
9. e3 Bd7 10. Nc3 Ne7 11. h3 c6 12. d4 Qc7 13. Re1 Rfe8 14. Qc2 Rad8 15. Rad1
exd4 16. exd4 Bf5 17. Qc1 d5 18. c5 Ne4 19. Qf4 Qxf4 20. gxf4 Nxc3 21. Bxc3 Be4
22. Ne5 Bxg2 23. Kxg2 f6 24. Ng4 Kf7 25. Ne3 f5 26. Nf1 Ng8 27. f3 Nf6 28. Ng3
h5 29. h4 Bh6 30. Bd2 Rxe1 31. Rxe1 Re8 32. Re5 Re6 33. Ne2 Nd7 34. Rxe6 Kxe6
35. Nc1 Kf6 36. Nd3 Nf8 37. Ne5 Ne6 38. Be3 Bxf4 39. Bxf4 Nxf4+ 40. Kf2 Ne6 41.
Nd7+ Ke7 42. Ne5 Kf6 43. Ke3 Nxc5 44. Nxg6 Kxg6 45. dxc5 Kf6 0-1

[Event "English Online Blitz Gp2"]
[Site "chess.com INT"]
[Date "2020.05.09"]
[Round "5"]
[White "Cooper, Lawrence H"]
[Black "Sygnowski, Tomasz"]
[Result "0-1"]
[WhiteTitle "IM"]
[WhiteElo "2331"]
[BlackElo "2143"]
[WhiteFideId "401536"]
[BlackFideId "1115880"]
[EventDate "2020.05.09"]
[EventType "blitz"]

1. d4 d5 2. c4 e6 3. Nf3 c6 4. e3 Nf6 5. Nc3 Bb4 6. Qc2 O-O 7. a3 Be7 8. Bd3
dxc4 9. Bxc4 b5 10. Bd3 Nbd7 11. Ng5 h6 12. Nh7 Nxh7 13. Bxh7+ Kh8 14. Be4 Bb7
15. Nxb5 e5 16. Nc3 exd4 17. exd4 Nf6 18. Be3 Nxe4 19. Qxe4 Ba6 20. Qxc6 Bd3 21.
Rd1 Rc8 22. Qd5 Bc4 23. Qxd8 Rfxd8 24. d5 Rb8 25. b4 a5 26. Rd4 Rbc8 27. Re4
axb4 28. Rxe7 bxc3 29. f3 Rxd5 30. Kf2 Ra5 31. Rc1 Rxa3 32. Bd4 Ra2+ 33. Kg3 c2
34. h4 Be6 35. Rb7 Ra4 36. Be3 Rac4 37. Rb2 h5 38. Kf2 Bf5 39. g3 R4c6 40. Rb5
g6 41. Bd4+ Kg8 42. Rb7 Rd6 43. Be3 Re8 44. Rc7 Rde6 45. Rc3 Rd6 46. g4 hxg4 47.
fxg4 Be4 48. h5 Rf6+ 49. Ke2 gxh5 50. gxh5 Rf5 51. Kd2 Rxh5 52. Bd4 Bg6 53. Rg3
Rd5 54. Kc3 Rc8+ 0-1

[Event "English Online Blitz Gp2"]
[Site "chess.com INT"]
[Date "2020.05.09"]
[Round "5"]
[White "Siddharth, Gopakumar"]
[Black "Dilley, Jason M"]
[Result "0-1"]
[WhiteElo "1854"]
[BlackElo "2136"]
[WhiteFideId "5053463"]
[BlackFideId "403016"]
[EventDate "2020.05.09"]
[EventType "blitz"]

1. e4 c5 2. Nf3 g6 3. d4 cxd4 4. Nxd4 Bg7 5. Be3 Nc6 6. c3 Nf6 7. Bd3 d6 8. h3
O-O 9. O-O Bd7 10. Nd2 a6 11. a4 Rc8 12. Rc1 Nxd4 13. cxd4 Qe8 14. Rxc8 Qxc8 15.
b3 Qc6 16. d5 Qc3 17. Qc2 Rc8 18. Rc1 Qxc2 19. Rxc2 Rxc2 20. Bxc2 b5 21. axb5
Bxb5 22. Nc4 Nd7 23. f4 Bc3 24. Kf2 Kf8 25. Na3 Nf6 26. Nxb5 axb5 27. g4 Ke8 28.
g5 Nd7 29. Bd3 b4 30. Bb5 Kd8 31. Bxd7 Kxd7 32. Ke2 e5 33. dxe6+ fxe6 34. Bd2 d5
35. exd5 exd5 36. Kd3 d4 37. Bc1 Ke6 38. Ke4 Ba1 39. Bd2 Bc3 40. Bc1 Kd6 41. h4
Ke6 42. h5 gxh5 43. f5+ Kf7 44. Bf4 h4 45. Kd3 h3 46. Ke4 Kg7 47. f6+ Kg6 48.
Bh2 h6 49. gxh6 Kxf6 50. h7 Kg7 51. Kf3 Kxh7 52. Ke4 Kg6 53. Bd6 Kg5 54. Bf4+
Kg4 55. Bh2 0-1

[Event "English Online Blitz Gp2"]
[Site "chess.com INT"]
[Date "2020.05.09"]
[Round "6"]
[White "Wadsworth, Matthew J"]
[Black "Stoyanov, Viktor"]
[Result "0-1"]
[WhiteTitle "IM"]
[WhiteElo "2416"]
[BlackElo "2240"]
[WhiteFideId "415804"]
[BlackFideId "450308"]
[EventDate "2020.05.09"]
[EventType "blitz"]

1. Nf3 c5 2. b3 Nc6 3. e3 Nf6 4. Bb2 e6 5. Bb5 Qc7 6. O-O Be7 7. d3 a6 8. Bxc6
Qxc6 9. Nbd2 O-O 10. Ne5 Qc7 11. f4 b6 12. Qf3 Bb7 13. Qg3 d6 14. Ng4 Kh8 15.
Nxf6 Bxf6 16. Bxf6 gxf6 17. Qh4 Qe7 18. e4 Rg8 19. f5 e5 20. Rf3 d5 21. Nf1 dxe4
22. dxe4 Rad8 23. Rd3 Rxd3 24. cxd3 Qd6 25. Ng3 Qd4+ 26. Kf1 Qxa1+ 27. Kf2 Qd4+
28. Kf3 Qxd3+ 0-1

[Event "English Online Blitz Gp2"]
[Site "chess.com INT"]
[Date "2020.05.09"]
[Round "6"]
[White "Damodaran, Patrick"]
[Black "Alcock, Graham P"]
[Result "0-1"]
[WhiteElo "1498"]
[BlackElo "1736"]
[WhiteFideId "465429"]
[BlackFideId "406325"]
[EventDate "2020.05.09"]
[EventType "blitz"]

1. e4 d5 2. exd5 Qxd5 3. Nc3 Qd6 4. Nf3 Bg4 5. Be2 Nf6 6. h3 Bh5 7. d3 Nc6 8.
Be3 O-O-O 9. Qd2 e5 10. O-O h6 11. a4 g5 12. Nb5 Qd7 13. a5 g4 14. hxg4 Nxg4 15.
Nxa7+ Nxa7 16. Bxa7 e4 17. Ne5 Nxe5 18. Bxh5 Rg8 19. a6 Qh3 20. axb7+ Kxb7 21.
g3 Nf3+ 22. Bxf3 exf3 23. Qb4+ Bxb4 24. Ra6 Qg2# 0-1

[Event "English Online Blitz Gp2"]
[Site "chess.com INT"]
[Date "2020.05.09"]
[Round "6"]
[White "Gallagher, Daniel GH"]
[Black "Rudd, Jack"]
[Result "1/2-1/2"]
[BlackTitle "IM"]
[WhiteElo "2205"]
[BlackElo "2331"]
[WhiteFideId "436550"]
[BlackFideId "405736"]
[EventDate "2020.05.09"]
[EventType "blitz"]

1. e4 c6 2. d4 d5 3. e5 c5 4. dxc5 Nc6 5. a3 Nxe5 6. b4 Nf6 7. Bb2 Nc6 8. Nf3 a6
9. c4 e6 10. cxd5 Nxd5 11. Bc4 b6 12. cxb6 Nxb6 13. Qxd8+ Nxd8 14. Bb3 Bb7 15.
Nbd2 Bd5 16. Bxd5 Nxd5 17. O-O Nb7 18. Ne4 f6 19. Rac1 Be7 20. Nd4 Kf7 21. Rfe1
Rhc8 22. Nxe6 Kxe6 23. Nc3+ Kf7 24. Nxd5 Bd6 25. g3 a5 26. Nb6 Rxc1 27. Rxc1 Ra6
28. Nc4 axb4 29. Nxd6+ Nxd6 30. axb4 Ra4 31. Rc7+ Kg6 32. Bc3 Nb5 33. Rc5 Nxc3
34. Rxc3 Rxb4 35. Kg2 1/2-1/2

[Event "English Online Blitz Gp2"]
[Site "chess.com INT"]
[Date "2020.05.09"]
[Round "6"]
[White "Neale, George"]
[Black "Regan, Natasha K"]
[Result "0-1"]
[BlackTitle "WIM"]
[WhiteElo "1734"]
[BlackElo "1954"]
[WhiteFideId "443174"]
[BlackFideId "403067"]
[EventDate "2020.05.09"]
[EventType "blitz"]

1. d4 f5 2. c4 Nf6 3. Nc3 g6 4. Nf3 Bg7 5. b3 d6 6. Bb2 Nbd7 7. g3 e5 8. dxe5
dxe5 9. Bg2 O-O 10. Nd5 c6 11. Nxf6+ Bxf6 12. O-O Qe8 13. Ba3 Rf7 14. Rc1 e4 15.
Nd4 Ne5 16. Bb2 Bd7 17. Qc2 Rd8 18. Rfd1 Qf8 19. a3 Qh6 20. Qd2 Bg5 21. e3 Nd3
22. Bf1 Nxc1 23. Qxc1 Bf6 24. c5 Qg7 25. Bc4 Kf8 26. Bxf7 Qxf7 27. Qc2 Bc8 28.
Bc3 Qd5 29. Kf1 Kf7 30. Ke2 Qxc5 31. b4 Qc4+ 32. Ke1 Be6 33. Nxe6 Bxc3+ 34. Qxc3
Qxc3+ 35. Rd2 Qxd2+ 0-1

[Event "English Online Blitz Gp2"]
[Site "chess.com INT"]
[Date "2020.05.09"]
[Round "6"]
[White "Chaplin, Peter E"]
[Black "Ashworth, Michael"]
[Result "1-0"]
[WhiteElo "2046"]
[BlackElo "2012"]
[WhiteFideId "406554"]
[BlackFideId "425044"]
[EventDate "2020.05.09"]
[EventType "blitz"]

1. b3 d5 2. Nf3 c5 3. e4 dxe4 4. Ne5 Nf6 5. Bb2 e6 6. Bb5+ Bd7 7. Nxd7 Nbxd7 8.
Nc3 a6 9. Bxd7+ Qxd7 10. Qe2 Qc6 11. O-O-O Be7 12. Rhe1 O-O 13. Nxe4 Nxe4 14.
Qxe4 Qxe4 15. Rxe4 Rfd8 16. d3 Rd5 17. f4 Rad8 18. a4 b6 19. Rde1 h5 20. g3 Rf5
21. Be5 Rd7 22. h3 f6 23. g4 fxe5 24. gxf5 exf5 25. Rxe5 Bd6 26. Rxf5 g6 27. Rg1
Kh7 28. Rf6 Bc7 29. Rgxg6 Bxf4+ 30. Kb1 Be5 31. Rxb6 Rf7 32. Rg1 Rf3 33. Rh1 a5
34. Rb5 Bc3 35. Rxc5 Bb4 36. Rxh5+ Kg6 37. Rb5 Rf2 38. h4 Bc3 39. h5+ Kh6 40.
Rb6+ Kg7 41. h6+ Kh7 42. Rb7+ Kg8 43. h7+ Kh8 44. Rb8+ Kg7 45. h8=Q+ 1-0

[Event "English Online Blitz Gp2"]
[Site "chess.com INT"]
[Date "2020.05.09"]
[Round "6"]
[White "Haydon, David L"]
[Black "Arkell, Keith C"]
[Result "0-1"]
[WhiteTitle "FM"]
[BlackTitle "GM"]
[WhiteElo "2294"]
[BlackElo "2429"]
[WhiteFideId "415405"]
[BlackFideId "400270"]
[EventDate "2020.05.09"]
[EventType "blitz"]

1. Nf3 Nf6 2. g3 b5 3. Bg2 Bb7 4. d4 e6 5. O-O c5 6. c3 Na6 7. Nbd2 Be7 8. Ne5
Bxg2 9. Kxg2 Qc7 10. Ndf3 O-O 11. Bf4 Qb7 12. a4 b4 13. dxc5 Nxc5 14. Nd3 bxc3
15. bxc3 Nxd3 16. Qxd3 Rfc8 17. Rfb1 Qd5 18. Qxd5 Nxd5 19. Rb7 Bf6 20. Rxd7
Nxf4+ 21. gxf4 Rxc3 22. Rb1 a5 23. Rbb7 Rf8 24. Ra7 Rc4 25. Rxa5 Rxf4 26. Raa7
Rg4+ 27. Kf1 Rc4 28. a5 Ra4 29. e3 g5 30. a6 g4 31. Nd2 Ra2 32. Ne4 Bh4 33. Kg2
Kg7 34. Ng3 Kg6 35. Rd4 h5 36. h3 gxh3+ 37. Kxh3 Bf6 38. Rf4 Be5 39. Rf3 f5 40.
Kg2 h4 41. Nf1 Rc8 42. Rg3+ hxg3 0-1

[Event "English Online Blitz Gp2"]
[Site "chess.com INT"]
[Date "2020.05.09"]
[Round "6"]
[White "Hebden, Mark L"]
[Black "Harvey, Marcus R"]
[Result "1/2-1/2"]
[WhiteTitle "GM"]
[BlackTitle "FM"]
[WhiteElo "2453"]
[BlackElo "2440"]
[WhiteFideId "400084"]
[BlackFideId "400092"]
[EventDate "2020.05.09"]
[EventType "blitz"]

1. d4 Nf6 2. Nc3 d5 3. Bf4 c6 4. e3 Bf5 5. f3 e6 6. g4 Bg6 7. h4 h5 8. g5 Ng8 9.
Bd3 Bxd3 10. Qxd3 Bd6 11. Nge2 g6 12. e4 Ne7 13. O-O-O Bxf4+ 14. Nxf4 Qd6 15.
Qe3 Nd7 16. Nd3 O-O-O 17. Rhe1 Kb8 18. Qf4 Qxf4+ 19. Nxf4 Rhe8 20. exd5 exd5 21.
Ng2 Nf5 22. Rxe8 Rxe8 23. Rd3 Nb6 24. b3 Nc8 25. Kd2 Ncd6 26. Ne2 Nb5 27. c3 a5
28. a4 Nbd6 29. Nef4 Ng3 30. Ne3 Ndf5 31. Nxf5 Nxf5 32. Ng2 Ng3 33. Kd1 Nf5 34.
Kd2 Kc7 35. c4 b6 36. cxd5 cxd5 37. Ne3 Rxe3 38. Rxe3 Nxe3 39. Kxe3 Kd6 40. f4
Ke6 41. Kf2 f6 42. gxf6 Kxf6 43. Ke3 Ke6 44. Ke2 Kf5 45. Kf3 Kf6 46. Ke2 Ke7 47.
Ke3 Kf6 48. Ke2 Kf5 49. Kf3 1/2-1/2

[Event "English Online Blitz Gp2"]
[Site "chess.com INT"]
[Date "2020.05.09"]
[Round "6"]
[White "Dong, Bao Nghia"]
[Black "Alizada, Eldar"]
[Result "1-0"]
[WhiteTitle "CM"]
[WhiteElo "2227"]
[BlackElo "1922"]
[WhiteFideId "12400343"]
[BlackFideId "464104"]
[EventDate "2020.05.09"]
[EventType "blitz"]

1. d4 Nf6 2. Bf4 d5 3. e3 e6 4. Nf3 Bd6 5. Bg3 O-O 6. Bd3 b6 7. Nbd2 Bb7 8. O-O
c5 9. c3 Nc6 10. Ne5 Ne7 11. a4 a5 12. Bb5 Nf5 13. Ndf3 Nxg3 14. hxg3 Ne4 15. c4
cxd4 16. exd4 Bxe5 17. Nxe5 Nd6 18. c5 bxc5 19. dxc5 Nxb5 20. axb5 Qc7 21. Nd3
e5 22. c6 Bc8 23. Re1 f6 24. Nb4 Bf5 25. Nxd5 Qd6 26. Ne3 Qxd1 27. Rexd1 Be6 28.
b6 Ra6 29. Rd6 Kf7 30. b7 Ke7 31. c7 Rxd6 32. b8=Q 1-0

[Event "English Online Blitz Gp2"]
[Site "chess.com INT"]
[Date "2020.05.09"]
[Round "6"]
[White "Haria, Ravi"]
[Black "Tan, Justin2"]
[Result "0-1"]
[WhiteTitle "IM"]
[BlackTitle "GM"]
[WhiteElo "2440"]
[BlackElo "2496"]
[WhiteFideId "415820"]
[BlackFideId "3206882"]
[EventDate "2020.05.09"]
[EventType "blitz"]

1. Nf3 d5 2. g3 g6 3. Bg2 Bg7 4. d4 Nf6 5. O-O O-O 6. Nbd2 a6 7. c4 c6 8. cxd5
cxd5 9. Ne5 Ng4 10. Ndf3 Nxe5 11. Nxe5 Nc6 12. Nxc6 bxc6 13. Be3 a5 14. Rc1 Qb6
15. Qd2 Bd7 16. Rc3 a4 17. Rfc1 Rfb8 18. R3c2 Qb7 19. h4 Ra6 20. Bh6 Bh8 21. e4
dxe4 22. Bxe4 Rb6 23. d5 c5 24. Rxc5 Rxb2 25. Qf4 Bd4 26. R5c2 Rxc2 27. Rxc2 Qb6
28. Kg2 e5 29. Qc1 Qd6 30. Be3 Re8 31. Bxd4 exd4 32. Bf3 a3 33. Rd2 Qb4 34. Qd1
Qc4 35. Rxd4 Qxa2 0-1

[Event "English Online Blitz Gp2"]
[Site "chess.com INT"]
[Date "2020.05.09"]
[Round "6"]
[White "Pert, Richard G"]
[Black "Grieve, Harry"]
[Result "1-0"]
[WhiteTitle "IM"]
[BlackTitle "FM"]
[WhiteElo "2416"]
[BlackElo "2355"]
[WhiteFideId "404748"]
[BlackFideId "426520"]
[EventDate "2020.05.09"]
[EventType "blitz"]

1. d4 d5 2. Nf3 e6 3. Bf4 Nf6 4. e3 Bd6 5. Nbd2 O-O 6. Bd3 c5 7. dxc5 Bxc5 8.
O-O Nc6 9. c4 h6 10. Rc1 b6 11. cxd5 Qxd5 12. Bc4 Qd7 13. Bb5 Bb7 14. Ne5 Qd5
15. Bxc6 Bxc6 16. Nxc6 Qxa2 17. b4 Rac8 18. bxc5 Rxc6 19. cxb6 Rxb6 20. Nc4 Rc6
21. Ne5 Rxc1 22. Qxc1 Nd5 23. Bg3 a5 24. h3 a4 25. Qa1 Qxa1 26. Rxa1 Ra8 27. Nc4
Nb4 28. Nb6 Ra6 29. Nxa4 f6 30. f3 e5 31. e4 Nd3 32. Ra2 Nb4 33. Ra3 Kf7 34. Bf2
Ke8 35. Bc5 Nc2 36. Rc3 Rxa4 37. Rxc2 1-0

[Event "English Online Blitz Gp2"]
[Site "chess.com INT"]
[Date "2020.05.09"]
[Round "6"]
[White "Gormally, Daniel W"]
[Black "Greet, Andrew N"]
[Result "1-0"]
[WhiteTitle "GM"]
[BlackTitle "IM"]
[WhiteElo "2479"]
[BlackElo "2417"]
[WhiteFideId "406465"]
[BlackFideId "405817"]
[EventDate "2020.05.09"]
[EventType "blitz"]

1. e4 e5 2. Nf3 Nf6 3. Nxe5 d6 4. Nf3 Nxe4 5. d4 d5 6. Bd3 Bd6 7. O-O O-O 8. c4
c6 9. Nc3 Nxc3 10. bxc3 dxc4 11. Bxc4 Bf5 12. Ng5 h6 13. Qf3 Bg6 14. Nh3 Nd7 15.
Nf4 Bh7 16. Nh5 Qh4 17. g3 Qe4 18. Qxe4 Bxe4 19. Re1 Rae8 20. Bd2 Nb6 21. Bf1
Bd5 22. Nf4 Nc4 23. Nxd5 Nxd2 24. Rxe8 Rxe8 25. Ne3 Nxf1 26. Kxf1 b5 27. a4 b4
28. cxb4 Bxb4 29. Rc1 Rc8 30. d5 c5 31. Nc4 Kf8 32. Rd1 Rd8 33. d6 f6 34. Ke2
Kf7 35. f4 Ke6 36. g4 f5 37. h3 h5 38. gxh5 Rh8 39. d7 Rd8 40. Rd6+ Ke7 41. Rg6
Kxd7 42. Ne5+ Kc7 43. Rxg7+ Kb6 44. h6 Bc3 45. h7 Rh8 46. Rf7 Bxe5 47. fxe5 c4
48. e6 Kc6 49. e7 Re8 50. Kd2 1-0